Quizzes
Events
Quiz Creation
Community
Videos
Private Events
Remove Ads
Sign In
Join for FREE
Feedback
Dark Mode
Quiz Categories
Sports
Geography
Music
Movies
Television
Just For Fun
Miscellaneous
History
Literature
Language
Science
Gaming
Entertainment
Religion
Holiday
For Kids
Quiz Lab
Recent
Popular Today
Quiz Kudos Today
Editor Picks
Curator Picks
Quizzes by...
Day
Popularity
Type
Ratings
Length
Year
Community
Subscriptions
Recent Discussions
Orange Saloon
Badges
Playlists
Quests
Create
Leaderboards
Showdown
Live 5
Trivia Bingo
Activity
Puzzle Library
Sporcle Events
Private Events
Virtual Trivia
Globe League
Become a Host
Pub Owners
SporcleCon
Opinionation
Our Games
Videos
Blog
Mobile Apps
Partnerships
Remove Ads and Go Orange
Feedback
Sports
Athletes
MLB
NBA
NHL
NFL
Soccer
Sports Teams
WWE
NCAA
Football
Premier League
Basketball
Baseball
Hockey
Golf
Tennis
Cricket
Rugby
Auto Racing
Olympics
World Cup
Sports
Athletes
MLB
NBA
NHL
NFL
Soccer
Sports Teams
WWE
NCAA
Football
Premier League
Basketball
Baseball
Hockey
Golf
Tennis
Cricket
Rugby
Auto Racing
Olympics
World Cup
Random Quiz
Search Sporcle
×
Quiz Lab
Quiz Lab
Sports
europa
Type in answers that appear in a list
Type in answers that appear in a list
Classic
Best Score? Go Orange.
Every Europa League team Stats
Can you name every Europa League team?
By
SquawkaFootball
8m
48 Questions
975 Plays
975 Plays
975 Plays
Comments
Comments
Give Quiz Kudos
Give Quiz Kudos
-
- Ratings
hide this ad
Replay
Link that replays current quiz
Next Quiz
Link to next quiz in quiz playlist
You Got
0%
They Got
Avg Score
39%
Avg Friend Score
Upgrade to see
Score Distribution
Jump to the score distribution portion of the page
Score
0/48
Timer
08:00
0
Plays Today
Country
Answer
% Correct
England
Manchester United
92%
Italy
Inter Milan
78.4%
Netherlands
Ajax
76.8%
England
Southampton
76.7%
Russia
Zenit
68.7%
Spain
Athletic Club
66.8%
Germany
Schalke
61.8%
Italy
Roma
57.9%
Netherlands
Feyenoord
57.6%
Belgium
Anderlecht
54.9%
Turkey
Fenerbahce
48.9%
France
Nice
45.4%
Italy
Fiorentina
45.1%
Czech Republic
Sparta Prague
43.9%
Ireland
Dundalk
43.6%
Belgium
Genk
43.3%
Spain
Villarreal
42.8%
Portugal
Braga
41.7%
Israel
Maccabi Tel-Aviv
39.9%
Spain
Celta Vigo
39.6%
Belgium
Gent
39.5%
Italy
Sassuolo
39.1%
Cyprus
APOEL
37.7%
Greece
PAOK
37.3%
Country
Answer
% Correct
Ukraine
Shakhtar Donetsk
35.4%
Greece
Panathinaikos
35.1%
Greece
Olympiacos
35%
Switzerland
Young Boys
34.5%
Netherlands
AZ Alkmaar
33%
Germany
Mainz
33%
Austria
FC Salzburg
32.5%
Austria
Rapid Vienna
31.1%
Belgium
Standard Liège
30.4%
Austria
Austria Vienna
27.9%
Kazakhstan
Astana
27.6%
Switzerland
FC Zürich
27%
Israel
Hapoel Beer-Sheva
25.6%
Azerbaijan
Qarabağ
24.9%
Russia
Krasnodar
24.7%
France
Saint-Étienne
24.6%
Czech Republic
Viktoria Plzeň
23.2%
Ukraine
Zorya Luhansk
21%
Romania
Steaua Bucharest
20.1%
Azerbaijan
Qäbälä
14.7%
Turkey
Osmanlispor
13.7%
Czech Republic
Slovan Liberec
12.7%
Romania
Astra Giurgiu
12.1%
Turkey
Konyaspor
10.9%
Quiz Playlist
Details
Report
Send in Message
Add To Playlist
Classic:
Type in answers that appear in a list
Last Updated: Feb 16, 2017
Quiz Scoreboard
CHALLENGE
Sign Up to Join the Scoreboard
Show All
Scores
Hide
Comments
May contain spoilers
Recently Published
College Basketball Coaching Resumes
by pancakes188
Sports
9m
Billboard Blitz: Fleetwood Mac
by CooCooCachoo
Music
15s
Presidents Visiting Landmarks
by Hejman
History
7m
More to Explore
Quiz From the Vault
Featured Blog Post
Where Did the Easter Bunny Come From?
hide this ad
You Might Also Like...
Tags
europa
League
team
Today's Top Quizzes in Sports
Browse Sports
hide this ad
Today's Top Quizzes in europa
Browse europa
Top Contributed Quizzes in Sports
1
Les meilleurs buteurs des matchs entre le PSG et l’OM
2
2022 World Cup Stars
3
FIFA Club World Cup Champions
4
Les entraîneurs de l'OM et du PSG au 21e siècle
5
Criteria MLB: Left Handed Sluggers
6
AFC Teams Reveal (Wrong Answers Minefield)
7
5-to-1: UK Sports Teams
8
Name the Premier League winners with different clubs
9
5-to-1: FBS Animal Nicknames
10
Players with Multiple 50 Home Run Seasons
Explore More
Trending Topics
NBA
Disney
Kpop
Harry Potter
Anime
Crossword
Marvel
The Office
Song
WWE
Pokémon
Soccer
NFL
Country
Puzzle
hide this ad
More By:
SquawkaFootball
Quiz
Plays
Rating
Category
Featured
Created
Barcelona top 25 most expensive signings
100,197
4.00
Sports
Jul 21, 2016
Ballon d'Or top three since 2000
87,688
4.53
Sports
Nov 30, 2015
Premier League record signings
60,346
1.60
Sports
Feb 1, 2017
Top 20 Most Expensive Manchester United Transfers
54,679
4.21
Sports
Jun 27, 2016
Premier League clean sheets
52,574
1.43
Sports
Mar 8, 2020
Go to Creator's Profile
Score Distribution
Quiz Creator Spotlight
SquawkaFootball
Follow
Send a Message
Quizzes Created
-
Created Quiz Play Count
-
More By This Creator
Popular Quizzes Today
1
Find the US States - No Outlines Minefield
2
Find the Countries of Europe - No Outlines Minefield
3
The Countries of the World
4
Find the US States
5
Risky Map Clicking: Biggest States A-Z
6
US States
7
Popular People in 1961
8
Movies - When Are They Set?
More Sports Quizzes
Back-to-back Champions League's
Quiz Lab
Trending Quizzes
Risky Map Clicking: Least Populous States A-Z
1-10 Letter G Words
1-10 Letter F Words
Risky Map Clicking: Next State Alphabetically
Click the Washington State Counties! (Map)
Recently Updated
Leaping Animals
pecheneg
Reality TV Shows (A-Z)
bhenderson79
Rickey Henderson's Hall of Fame Teammates
pecheneg
Champions League XIs: Arsenal
pecheneg
Quick Pick: Celebrities in WWE's Hall of Fame
aduchscher
A-Z Keypad Blitz II
pecheneg
Multiple Oscar Actors
pecheneg
Mystery Phrase Blitz: Oscar 'Best Actors'
pecheneg
F. Scott Fitzgerald Novels
LTH
Pick 3 Villains
ddd62291
Trending Topics
Kpop
NBA
Disney
Crossword
Anime
Harry Potter
Marvel
Puzzle
Soccer
The Office
Country
WWE
Pokémon
NFL
Song
Your Account Isn't Verified!
In order to create a playlist on Sporcle, you need to verify the email address you used during registration. Go to your
Sporcle Settings
to finish the process.
Report this User
Report this user for behavior that violates our
Community Guidelines
.
Details:
Send Report
Go to the Sporcle.com Mobile Site →
Comments